Entrenamiento para maratón: un programa de 100 días probado para alcanzar el éxito
Sparad:
| Huvudupphovsman: | |
|---|---|
| Materialtyp: | Bok |
| Språk: | spanska |
| Publicerad: |
Barcelona
Paidotribo
2007
|
| Upplaga: | 2a. ed |
| Ämnen: | |
| Taggar: |
Lägg till en tagg
Inga taggar, Lägg till första taggen!
|
MARC
| LEADER | 00000nam a2200000 a 4500 | ||
|---|---|---|---|
| 001 | UCG3414 | ||
| 003 | CL-VaPUC | ||
| 008 | 100826e20070000SP |||||||||||||||||spa|d | ||
| 020 | |a 9788480194242 | ||
| 082 | 0 | 4 | |a 796.42 |b HEN |2 21 |
| 100 | |a Henderson, Joe |e author |9 552542 | ||
| 245 | 1 | 0 | |a Entrenamiento para maratón: un programa de 100 días probado para alcanzar el éxito |
| 250 | |a 2a. ed | ||
| 300 | |a 260 p | ||
| 942 | |c BK | ||
| 945 | |d 20100826 00:00:00 |a mfarfan | ||
| 260 | |a Barcelona |b Paidotribo |c 2007 | ||
| 650 | 7 | |a MARATON |2 CL-VaPUC |9 455018 | |
| 650 | 0 | |a Atletismo |9 307422 | |
| 650 | 7 | |a ENTRENAMIENTO FISICO |2 CL-VaPUC |9 307393 | |
| 650 | 0 | |a Actividad física |9 362156 | |
| 583 | |a last modification |c 20100826 00:00:00 |k Rodrigo Vera | ||
| 999 | |c 342482 |d 342480 | ||
| 952 | |0 0 |1 0 |4 0 |6 796_420000000000000_HEN_2007 |7 0 |8 C |9 438691 |a BIBCUR |b BIBCUR |d 2019-11-22 |i 4712455 |o 796.42 HEN 2007 |p 4712455 |r 2025-04-22 |w 2019-11-22 |y BK |k DEN | ||